| 000 | 00702nam a2200217 a 4500 | ||
|---|---|---|---|
| 005 | 20251028063933.0 | ||
| 008 | 011106s1997 mx r 000 0 spa d | ||
| 020 | _a0792349288 (Tela) | ||
| 035 | _aUPN01000113783 | ||
| 049 | _aCG | ||
| 050 | 4 |
_aP40.8 _bL3.6 |
|
| 245 | 0 | 0 |
_aLanguage policy and political issues in education / _ced. by Ruth Wodak and David Corson |
| 260 |
_aDordrecht, Hol. : _bKluwer Academic, _cc1997. |
||
| 300 | _axiv, 266 p. | ||
| 440 | 0 |
_aEncyclopedia of language and education ; _vv. 1 |
|
| 650 | 4 |
_aLenguaje y educación _96713 |
|
| 650 | 4 |
_aPOLITICA DEL LENGUAJE _91439 |
|
| 700 | 1 |
_aWodak, Ruth, _eed. |
|
| 700 | 1 |
_aCorson, David, _d1945-2001 _eed. _938236 |
|
| 905 | _aLibro | ||
| 999 |
_c87691 _d87691 |
||